| 000 | 00888cam a2200229 4500 | ||
|---|---|---|---|
| 001 | WB3747-08 | ||
| 008 | 011213n2001 000 0 eng u | ||
| 035 | _a(Sirsi) u115992 | ||
| 245 | _aBuilding regulations | ||
| 260 | _c2001 | ||
| 490 |
_aContract Journal _v411(6357) 12 December 2001, 6(1) |
||
| 520 | _aBuilding control regulations are set to be rationalised in line with recommendations made by RICS, following a two-year study of local and national law. The Local Government Minister has promised to review the package of reforms recommended by RICS. DTLR will now undertake a consultation. See also: WB3746-07. | ||
| 590 | _aWB | ||
| 650 |
_aBUILDING CONTROL _96222 |
||
| 650 | _aRICS | ||
| 650 | _aREGULATIONS | ||
| 650 | _aREFORM | ||
| 650 | _aLOCAL BUILDING ACTS | ||
| 650 | _aLOCAL AUTHORITIES | ||
| 690 | _aBUILT ENVIRONMENT-BUILDING STANDARDS | ||
| 942 | _n0 | ||
| 999 |
_c69109 _d69109 |
||